000 00779nam a2200205Ii 4500
003 JO-AjNU
008 230605s9999||||xx |||||||||||||| ||und||
017 _a1997/5/653
040 _aJO-AjNU
_bara
_erda
_cJO-AjNU
041 _aara
050 1 4 _aPJ7505 2007
100 3 _aحلاوة، محمد,
_eauthor
_934543
245 0 0 _aالمرشد الجديد في اللغة العربية: الثقافة الأدبية واللغوية الصف الأول الثانوي الشامل والتطبيقي الفصل الأول عربي(1)
264 3 1 _aد.م: د.ن، 1997
300 _a331ص
336 _atext
_btxt
_2rdacontent
337 _aunmediated
_bn
_2rdamedia
338 _avolume
_bnc
_2rdacarrier
650 4 _aاللغة العربية - تعلم وتعليم
_934544
999 _aA14175
_c17743
_d17743